| 000 | 00563nam a22001577a 4500 | ||
|---|---|---|---|
| 003 | OSt | ||
| 005 | 20151102143208.0 | ||
| 008 | 151102b xxu||||| |||| 00| 0 eng d | ||
| 040 | _cRUA | ||
| 082 | _aFOR សឹម 1992 B117 O.1 | ||
| 100 |
_93186 _aសឹមស៊ីរ៉ាណូ |
||
| 245 | _aការស្រោចស្រង់ធនធានព្រៃឈើក្រោយសង្រាម នៅក្នុងខេត្តកំពង់ឆ្នាំង | ||
| 260 |
_aPhmon Penh _bRUA _c1992 |
||
| 300 |
_a73p. _bill. _c29cm. |
||
| 942 |
_2ddc _cFOR |
||
| 999 |
_c2973 _d2973 |
||